| 000 | 00473nam a2200181Ia 4500 | ||
|---|---|---|---|
| 003 | GCL | ||
| 008 | 140319s9999 xx 000 0 eng d | ||
| 040 |
_aGCL / _cGCL |
||
| 082 | 0 | 4 |
_aP _b338.18 _bF S |
| 100 | 1 | _aFAO | |
| 245 | 1 | 0 |
_aTHE STATE OF FOOD AND AGRICULTURE 1993 / _cFAO |
| 260 |
_a[S.N] : _bFOOD AND AGRICULTURE ORGANIZATION OF THE ، _c1993 |
||
| 300 | _a306 P P | ||
| 650 | 0 | 4 | _aTRADE |
| 650 | 0 | 4 | _aAGRICULTURE |
| 650 | 0 | 4 | _aFOOD PRODUCTION |
| 942 |
_2ddc _cBK |
||
| 999 |
_c16879 _d16879 |
||